<?xml version="1.0" encoding="UTF-8"?>
<record
    xmlns:xsi="http://www.w3.org/2001/XMLSchema-instance"
    xsi:schemaLocation="http://www.loc.gov/MARC21/slim http://www.loc.gov/standards/marcxml/schema/MARC21slim.xsd"
    xmlns="http://www.loc.gov/MARC21/slim">

  <leader>02182nam a2200301 i 4500</leader>
  <controlfield tag="001">000000112172</controlfield>
  <controlfield tag="003">IT-MiSPE</controlfield>
  <controlfield tag="005">20250320153435.0</controlfield>
  <controlfield tag="008">051109s2005    it           u000 u ita c</controlfield>
  <datafield tag="020" ind1=" " ind2=" ">
    <subfield code="a">8870789802</subfield>
    <subfield code="c">25,00 &#x20AC;</subfield>
  </datafield>
  <datafield tag="040" ind1=" " ind2=" ">
    <subfield code="a">IT-MiSPE</subfield>
    <subfield code="b">ita</subfield>
    <subfield code="c">IT-MiSPE</subfield>
  </datafield>
  <datafield tag="041" ind1=" " ind2=" ">
    <subfield code="a">ita</subfield>
    <subfield code="h">fre</subfield>
  </datafield>
  <datafield tag="082" ind1="0" ind2="4">
    <subfield code="a">121.3-RIC pa pe (ppv 23393)</subfield>
  </datafield>
  <datafield tag="100" ind1="1" ind2=" ">
    <subfield code="a">Ricoeur, Paul,</subfield>
    <subfield code="d">1913-2005</subfield>
    <subfield code="e">autore</subfield>
    <subfield code="4">aut</subfield>
    <subfield code="9">67017</subfield>
  </datafield>
  <datafield tag="240" ind1="1" ind2="0">
    <subfield code="a">Parcours de la reconnaissance.</subfield>
    <subfield code="l">Italiano</subfield>
  </datafield>
  <datafield tag="245" ind1="1" ind2="0">
    <subfield code="a">Percorsi del riconoscimento :</subfield>
    <subfield code="b">tre studi /</subfield>
    <subfield code="c">Paul Ricoeur ; edizione italiana a cura di Fabio Polidori.</subfield>
  </datafield>
  <datafield tag="260" ind1=" " ind2=" ">
    <subfield code="a">Milano :</subfield>
    <subfield code="b">R. Cortina,</subfield>
    <subfield code="c">2005.</subfield>
  </datafield>
  <datafield tag="300" ind1=" " ind2=" ">
    <subfield code="a">XX, 295 p. ;</subfield>
    <subfield code="c">22,5 cm</subfield>
  </datafield>
  <datafield tag="490" ind1="1" ind2=" ">
    <subfield code="a">Saggi ;</subfield>
    <subfield code="v">039</subfield>
  </datafield>
  <datafield tag="504" ind1=" " ind2=" ">
    <subfield code="a">Contiene riferimenti bibliografici e indici</subfield>
  </datafield>
  <datafield tag="520" ind1=" " ind2=" ">
    <subfield code="a">In questo libro di Paul Ricoeur (1913-2005) il pensiero filosofico si interroga, per la prima volta in maniera articolata e diretta, sul &#x201C;riconoscimento&#x201D;, una parola che appartiene al suo lessico ma mai prima oggetto di una specifica riflessione. L&#x2019;autore, uno dei pi&#xF9; importanti filosofi del nostro tempo, ripercorre i principali testi dell&#x2019;Occidente &#x2013; da Omero ai nostri giorni passando per Aristotele, Descartes, Hobbes, Kant, Hegel &#x2013; alla luce delle svariate accezioni del riconoscimento, nel loro scandirsi attraverso la storia delle idee filosofiche. La posta in gioco consiste nello scoprire le varie modulazioni dell&#x2019;agire che il riconoscimento &#x2013; dimensione attiva e insieme passiva &#x2013; dischiude, soprattutto sul piano etico e politico. La logica del &#x201C;conoscere&#x201D; deve qui cedere il passo a una dialettica del &#x201C;riconoscere&#x201D;, dalla quale affiorano, nella loro concretezza, le molteplici condizioni dell&#x2019;esistenza, prime fra tutte la radicale finitezza e il rapporto con l&#x2019;alterit&#xE0;, nonch&#xE9; le loro implicazioni nel contesto della contemporaneit&#xE0;.
</subfield>
  </datafield>
  <datafield tag="546" ind1=" " ind2=" ">
    <subfield code="a">Traduzione di Fabio Polidori</subfield>
  </datafield>
  <datafield tag="655" ind1=" " ind2=" ">
    <subfield code="a">Filosofi di lingua francese posteriori al 1920</subfield>
    <subfield code="x">Filosofi posteriori al 1920: Paul Ricoeur 1913-2005</subfield>
    <subfield code="9">61920</subfield>
  </datafield>
  <datafield tag="700" ind1="1" ind2=" ">
    <subfield code="a">Polidori, Fabio,</subfield>
    <subfield code="d">1957-</subfield>
    <subfield code="e">curatore</subfield>
    <subfield code="4">edt</subfield>
    <subfield code="9">63400</subfield>
  </datafield>
  <datafield tag="830" ind1=" " ind2="0">
    <subfield code="a">Saggi (Cortina) ;</subfield>
    <subfield code="v">039.</subfield>
    <subfield code="9">61921</subfield>
  </datafield>
  <datafield tag="942" ind1=" " ind2=" ">
    <subfield code="2">pusc</subfield>
    <subfield code="a">IT-MiSPE</subfield>
    <subfield code="c">BK</subfield>
  </datafield>
  <datafield tag="999" ind1=" " ind2=" ">
    <subfield code="c">360454</subfield>
    <subfield code="d">360454</subfield>
  </datafield>
  <datafield tag="952" ind1=" " ind2=" ">
    <subfield code="0">0</subfield>
    <subfield code="1">0</subfield>
    <subfield code="2">ddc</subfield>
    <subfield code="4">0</subfield>
    <subfield code="6">121_000000000000000_3RIC_PA_PE_PPV_23393</subfield>
    <subfield code="7">1</subfield>
    <subfield code="a">CINISELLO</subfield>
    <subfield code="b">CINISELLO</subfield>
    <subfield code="d">2025-03-20</subfield>
    <subfield code="l">0</subfield>
    <subfield code="o">121.3-RIC pa pe (ppv 23393)</subfield>
    <subfield code="p">8870789802</subfield>
    <subfield code="r">2025-03-20 15:35:06</subfield>
    <subfield code="w">2025-03-20</subfield>
    <subfield code="y">BK</subfield>
  </datafield>
</record>
